00262nam a2200097Ia 4500008004100000100002800041245005300069260002500122260000900147300000800156170620s9999 xx 000 0 und d aSrivastava -Abhay Kumar 0aSarir Vyayam Kriyatmak Vigan Evam Krida Chikitsa bMaharastra;Amit Book c2002 a108